000 01442nam0a22003011 4500
001 rc\4008270
005 20250611053850.0
021 _aRU
_b[52-39218]
035 _a(NLR Aleph) 008077723
090 _a9103474
_c9103474
100 _a20130415d1952 |||y0rusy50 ca
101 0 _arus
102 _aRU
105 _ac z |||||
200 1 _aТракторная бригада отличного качества
_e(Опыт работы бригадира тракт. бригады Азовск. ордена Ленина МТС, Рост. обл., И.П. Денисенко)
_fГл. упр. с.-х. пропаганды М-ва сельского хозяйства СССР. Всесоюз. с.-х. о-во
210 _aМосква
_cИзд-во М-ва сельского хозяйства СССР
_d1952
215 _a32 с.
_cпортр.
_d20
300 _aПеред загл. авт.: Г.И. Дараган, инж.-методист., и С.В. Каплун
606 _aТракторные бригады
_xОрганизация труда
_2psbo
606 _aТракторные работы
_xСтахановские методы
_2psbo
700 1 _aДараган
_bГ.И.
701 1 _aКаплун
_bС.В.
_gСемен Владимирович
702 1 _aДенисенко
_bИ.П.
_4570
801 0 _aRU
_bNLR
_gpsbo
801 1 _aRU
_bELAR
_2rusmarc
852 _aNLR
_jЭк50 Г-4/2261
942 _cBOOK
980 _aNB